000 00622nam a22001937a 4500
005 20260101151646.0
010 _aENG-147370-371
020 _a9789364440479
_c550.00
035 _aEN-130902-903
037 _bDBAD
082 _a954.51
_26
100 _aBaishya, Sailen
_986186
245 _aAn Introduction To Assam General Knowledge/
_cby Sailen Baishya
250 _a6
260 _aChennai
_bMcGraw Hill Education Private Ltd
_c2025
270 _aAnjana Complex No. 5/90 A, Butt Road, St Thomas Mount
_bChennai
_e600016
300 _a424p.
_c24cm(pb)
_bIndex
942 _2ddc
_cEN
_mBAI
_h954.51
_e6
999 _c213989
_d213989